000 00662nam a2200217 a 4500
001 20409
003 CO-ViMGA
008 141112s2004 ck r 000 u spa d
020 _a9583800899
040 _aCO-ViMGA
_bspa
_cCO-ViMGA
082 0 4 _aCo861.6 J171l
100 1 _aJaramillo Agudelo, Darío
245 1 0 _aLibros de poemas :
_bobra reunida
260 _aBogotá :
_bFondo de cultura económica,
_c2003
300 _a312p
490 _aTierra Firme
590 _aForma de adquisición : Donación - - Precio : 10000 - - Fecha de adquisición : Marzo 2006
650 1 4 _aPOESIA AMOROSA COLOMBIANA
650 1 4 _aPOESIA COLOMBIANA
_91069
942 _2ddc
_cBK
999 _c6663
_d6663